Religion Quiz

Random Religion or Bible Quiz

SPORCLE in the Bible Quiz Stats

 Plays Quiz Updated Feb 13, 2016

Challenge
Share
Tweet
Embed
Score 0/23 Timer 03:00
5 Plays Today
% Correct
Psalms
80.7%
Ruth
79.7%
Leviticus
78.9%
Exodus
78.7%
Corinthians
75.1%
Luke
73.2%
Peter
72.4%
Revelation
71.7%
Song of Solomon
70.4%
Samuel
66.7%
Romans
66.6%
Proverbs
66%
% Correct
Obadiah
64.9%
Esther
61.3%
Ezra
58.2%
Colossians
57.7%
Ephesians
56.4%
Philippians
56.3%
Ezekiel
56%
Lamentations
55.4%
Chronicles
54.5%
Ecclesiastes
53.5%
Philemon
46.4%

You're not logged in!

Compare scores with friends on all Sporcle quizzes.
OR
Log In

You Might Also Like...

Show Comments

Extras

Top Quizzes Today


Score Distribution

Your Account Isn't Verified!

In order to create a playlist on Sporcle, you need to verify the email address you used during registration. Go to your Sporcle Settings to finish the process.

Report this User

Report this user for behavior that violates our Community Guidelines.

Details: